00422nam a22001337a 4500020001600000082001000016100001700026245006000043260003700103300003000140650003800170700002300208856005700231 qHard Cover. a621.3 aAli, Zohaib. aAdversarial Examples for Visual Odometry /cZohaib Ali. aIslamabad:bSEECS - NUST,c2018. a94 p.: ill.;c35cm.e+CD. aElectrical Engineering MS-Thesis. aDr. Muhammad Latif uhttp://10.250.8.41:8080/xmlui/handle/123456789/13373